01153 2200349 4500001002100000005001500021035002000036007000300056008004100059100001700100245009100117300003900208020002200247082000800269084001700277250003700294264004200331336002100373337003000394338002300424490001500447520015300462650003100615700003300646700002800679990001600707990001600723990001600739990001600755990001600771990001600787INLIS00000000004430120221020112747 a0010-1022000013ta221020 0 0 aLia Loeferns1 aMenek wit jambu /cLia Loeferns; penyunting, Bagong Soebardjo; ilustrator, Nai Rinaket a23 halaman :bilustrasi ;c21,5 cm a978-623-7615-00-2 a819 aSR 819 LIA m aBabaran kapindo ing Oktober 2021 aYogyakarta :bLingkarantarnusa,c2021 2rdacontentaTeks 2rdamediaaTanpa perantara 2rdacarrieraVolume aSeri NuKil aWiwit lan kanca-kancane dolan bareng. nanging padha bingung arep dolanan apa. Kanca-kancane ngajak penekan. Dhuh! Wiwit ora isa penekan. kepiye, ya? 4aSastra daerah di Indonesia0 aBagong Soebardjoepenyunting0 aNai Rinaketeilustrator a50973.63793 a50965.63785 a50965.63785 a50973.63793 a50973.63793 a50965.63785